[Event "United Insurance 6th"]
[Site "Dhaka"]
[Date "2003.03.16"]
[Round "9"]
[White "Goloshchapov, Alexander"]
[Black "Reefat, Bin Sattar"]
[Result "1-0"]
[WhiteElo "2523"]
[BlackElo "2451"]
[Annotator "Finkel,A"]
[PlyCount "63"]
[EventDate "2003.03.08"]
[EventType "tourn"]
[EventRounds "13"]
[EventCountry "BAN"]
[EventCategory "9"]
[SourceTitle "CBM 095"]
[Source "ChessBase"]
[SourceDate "2003.07.25"]
[SourceVersion "1"]
[SourceVersionDate "2003.07.25"]
[SourceQuality "1"]

1. e4 e6 2. d4 d5 3. Nc3 Nf6 4. Bg5 Bb4 5. e5 h6 6. Be3 {Very tricky move
demanding from both sides very accurate play, however it doesn't seem that
white gets an opening advantage at the end of the day. That's why I'd
recommend to opt for 6.Bd2, which seems to pose black more problems than the
move in the game.} Ne4 7. Qg4 Kf8 (7... g6 $5 8. a3 Bxc3+ 9. bxc3 c5 (9... Nxc3
$5 10. Bd3 Nc6 11. h4 Ne7 12. f3 c5 13. dxc5 Nc6 14. Bd2 d4 $15 {Hernandez,
G-Glek,I/Linares op 1996 (50)}) 10. Bd3 cxd4 $6 (10... Nxc3 11. dxc5 Nc6 12.
Nf3 Qa5 13. O-O Qa4 14. Qxa4 (14. Qh3 $5 $36) 14... Nxa4 15. Bb5 Nc3 16. a4 Bd7
$11 {Hracek,Z-Vaisser,A/EuT-ch, Pula CRO 1997 (41)}) 11. cxd4 Qa5+ 12. Ke2 Bd7
13. f3 Nc3+ 14. Kf2 Nc6 15. Qf4 $14 {Coleman,D-Lautier,J/London Lloyds 1988 
(35)}) 8. a3 Bxc3+ 9. bxc3 c5 10. Bd3 h5 {Black had also tried different moves
in this position, but this one seems to be the most crucial continuation.} (
10... Nxc3 $5) (10... Qa5 $5) 11. Qf3 $5 (11. Qf4 Qa5 12. Ne2 Nxc3 13. O-O
Nxe2+ 14. Bxe2 Nc6 15. c4 $13 {1/2-1/2 Kasparov,G-Kortschnoj,V/Kopavogur 2000/
EXT 2001 (19)}) (11. Qh3 Nxc3 12. dxc5 d4 13. Bd2 Qd5 14. f4 Nc6 15. Bxc3 dxc3
16. Ne2 Qxc5 17. Be4 Bd7 18. Rd1 Be8 19. Qxc3 Qxc3+ 20. Nxc3 Na5 $15 {
Fressinet,L-Vaisser,A/France 2001}) (11. Qf4 {Finkel,A}) 11... Nxc3 12. dxc5 {
This move has to be played otherwise black knight may come to d4.} (12. Nh3 Nc6
13. Nf4 Kg8 14. Nxh5 Qh4 15. g4 Nxd4 16. Qf4 Bd7 {0-1 Van Mil,J-Murey,J/
Amsterdam 1983/MCD (16)}) 12... Nc6 13. Qf4 d4 14. Bd2 Na4 $2 {This move is a
novelty and... the decisive mistake! Black knight is very badly placed on a4,
while black's idea to take a useless pawn on c5 leads to a deadly pin over the
diagonal a3-f8.} (14... Nd5 15. Qe4 Nde7 16. Ne2 Qd5 17. Qxd5 Nxd5 18. f4 Ke7
19. Bc1 Nc7 20. Bb2 Rd8 $15 {Hudecz,V-Jakab,A/Paks 1996}) 15. Bb5 {Forcing
black to take on c5.} Nxc5 (15... Nc3 16. Bxc6 bxc6 17. Nf3 $16 {[%csl Rd4]})
16. Bxc6 bxc6 17. Bb4 Qd5 18. O-O-O $1 {Solving a problem of the king and
bringing another piece to the attack.} Kg8 $8 19. Nf3 {White is not looking
for the advantures, however deserved attention sharp R:d4} (19. Rxd4 $5 Qxg2
20. Nf3 Qxh1+ 21. Rd1 Qxd1+ (21... Qg2 22. Ng5 $18 {[%csl Rg8][%cal Gd1d8]})
22. Kxd1 Nd7 23. Ng5 f6 24. exf6 Nxf6 25. Qc7 $18) 19... Qe4 20. Qg5 $1 {
[%cal Gg5d8,Gf3g5]} (20. Qxe4 Nxe4 21. Rxd4 c5 22. Rxe4 Bb7 23. Re3 cxb4 24.
axb4 Kh7 $14) 20... Nb7 21. Rxd4 Qf5 22. Rf4 Qxg5 23. Nxg5 $18 {All black
pieces take extremly passive position so white's attack is unstoppable even
with queens off the board.} c5 24. Bc3 Nd8 25. Rd1 Bb7 26. Rd7 Bxg2 (26... Bc6
27. Rc7 Rh6 28. Nxf7 Nxf7 29. Rxc6 $18) 27. Ba5 $1 Nc6 28. Rfxf7 Rh6 29. Rxg7+
Kh8 30. Bd2 Bd5 (30... Nxe5 31. Bc3 Nxd7 32. Nf7#) 31. Nh3 Nxe5 32. Bxh6 1-0

[Event "Linares 20th"]
[Site "Linares"]
[Date "2003.03.02"]
[Round "8"]
[White "Leko, Peter"]
[Black "Radjabov, Teimour"]
[Result "1-0"]
[WhiteElo "2736"]
[BlackElo "2624"]
[Annotator "Finkel,A"]
[PlyCount "63"]
[EventDate "2003.02.22"]
[EventType "tourn"]
[EventRounds "14"]
[EventCountry "ESP"]
[EventCategory "20"]
[SourceTitle "CBM 094"]
[Source "ChessBase"]
[SourceDate "2003.05.26"]
[SourceVersion "1"]
[SourceVersionDate "2003.05.26"]
[SourceQuality "1"]

1. e4 e6 2. d4 d5 3. Nc3 Nf6 4. Bg5 Bb4 $5 5. e5 h6 6. Bd2 Bxc3 7. bxc3 Ne4 8.
Qg4 g6 (8... Kf8) 9. Bd3 Nxd2 10. Kxd2 c5 11. h4 Bd7 (11... Nc6 12. Qf4 Qa5 13.
h5 gxh5 14. Nf3 b6 15. Rxh5 Ba6 16. Bxa6 Qxa6 17. Qf6 Rf8 $13 {Fercec,N-Glek,I/
Open 1998}) 12. h5 $5 {Leko is an expert in this complicated variation of
french defense. This time he comes up with variation which was considered as
promising pretty good chances for black and proves that earlier theoretical
assement is questionable.} g5 13. f4 Nc6 (13... c4 14. Be2 Bc6 $2 (14... f5 $5
15. exf6 e5 16. Qf3 e4 17. Qe3 Qxf6 18. fxg5 Qxg5 19. Qxg5 hxg5 20. g4 Nc6 $132
{Gamer,T-Hengl,C/Schwarzach 1998/EXT 2000}) 15. fxg5 Qxg5+ 16. Qxg5 hxg5 17.
Nh3 Nd7 (17... Rg8 18. h6 Nd7 19. h7 Rh8 20. Nxg5 Ke7 21. Rh6 $18) 18. Nxg5 $16
Ke7 19. g4 $5 $16 {Volokitin,A-Jacimovic,D/Leon 2001/CBM 86} (19. Rag1 {
Finkel,A} f6 20. Nf3 (20. exf6+ $6 {Finkel,A} Nxf6 21. g4 Rag8 22. Nh3 Ne4+ 23.
Ke3 Nxc3 24. Nf4 e5 $1 $132) 20... fxe5 21. dxe5 Nc5 22. g4 Ne4+ 23. Ke3 Nxc3
24. Nd4 $16)) 14. fxg5 Qa5 (14... Qxg5+ $5 15. Qxg5 hxg5 16. Ke3 (16. g4 $6
cxd4 17. cxd4 Nxd4 18. c3 Nc6 19. Nf3 Ke7 20. Rae1 Rh6 $1 (20... Rag8 21. h6 f6
22. h7 Rg7 23. exf6+ Kxf6 24. Rh6+ $44) 21. Nxg5 Rg8 $17) 16... g4 $5 (16...
Ke7 17. Rf1 Rh6 18. g4 c4 19. Be2 Rg8 20. Nh3 Nb8 21. Rf2 Ba4 $13 {Bryson,
D-Gunnarsson,J/Leon 2001}) 17. Be2 (17. Rf1 Ke7 (17... Rc8 18. Rf4 cxd4+ 19.
cxd4 Nb4 20. Ne2 Nxd3 21. cxd3 Rc2 22. Rxg4 Rxa2 23. h6 b5 24. Rf1 $1 $16 {
Sutovsky,E-Stellwagen,D/Amsterdam 2001}) 18. Rh4 ({Very interesting option was
} 18. h6 $5 Rac8 $5 19. Rf4 cxd4+ 20. cxd4 Nb4 21. Rxg4 Ba4 $5 22. Nf3 Bxc2 23.
Bxc2 Rxc2 24. Rg7 $14 {in both cases with complicated struugle with slightly
better prospects for white.}) 18... Rag8 19. Rb1 (19. Be2 $5) 19... b6 20. Be2
cxd4+ 21. cxd4 f5 $1 $11 {Leko,P-Short,N/Batumi 1999}) 17... Rc8 $6 (17...
cxd4+ 18. cxd4 Nb4 19. Rb1 Nxc2+ 20. Kd3 Rc8 (20... Na3 21. Rxb7 Bc6 22. Rc7
Bb5+ 23. Ke3 $16) 21. Bxg4 a5 22. Rxb7 Nb4+ 23. Ke3 Nc2+ 24. Kf4 Nxd4 25. Nf3
$14) 18. Bxg4 $6 (18. Rb1 $1 {[%csl Gb4]} cxd4+ 19. cxd4 b6 20. Bd3 Na5 21. Ne2
$16 {[%csl Rg4][%cal Gh5h8]}) 18... cxd4+ 19. cxd4 Nb4 20. Bd1 Rxc2 21. Bxc2
Nxc2+ 22. Kd2 Nxa1 23. Ne2 Ba4 24. Nc3 Nc2 25. Rh4 Nxd4 26. Rxd4 Bc6 $13 {
Peschlow,P-Naiditsch,A/Germany 1998}) 15. dxc5 (15. Nf3 O-O-O 16. g6 cxd4 17.
Ke2 dxc3 (17... Qxc3 18. gxf7 Rdf8 19. Qf4 Nd8 20. Qxd4 Qxd4 21. Nxd4 $14 {
Gaponenko,I-Grabuzova,T/Timisoara-W 1994}) 18. Qf4 d4 19. g7 Rhe8 20. Kf2 Rg8
$13 {Koch,J-Goldgewicht,L/Cannes 1995}) 15... d4 16. Nf3 O-O-O 17. Rab1 {
Pawns are of minor importance in such a position: what realy matters here is
securing the king and depriving an opponent of active play.} (17. Ke2 Qxc3 18.
Qf4 $2 (18. Rab1 $1) 18... hxg5 19. Nxg5 Qxc5 20. Nf3 f5 $1 21. Rh4 Rhg8 $17 {
Olivier,J-Goldgewicht,L/Cannes 1995}) 17... dxc3+ $1 ({Too dangerous was} 17...
Qxc3+ $6 18. Ke2 Qxc5 19. Qe4 hxg5 20. g4 Rdf8 (20... Kb8 21. Rb5 Qe7 22. Rhb1
b6 23. a4 $36) 21. Rb5 Qe7 22. Rhb1 b6 23. a4 $36 {[%cal Ga4a5] and black king
is in a grave danger.}) 18. Ke2 Rhg8 (18... hxg5 $5) 19. Qe4 $1 Qc7 20. g4 $1
Ne7 21. Bb5 hxg5 22. Rb3 $36 {[%csl Rb7]} Nd5 (22... Bc6 $2 23. Bxc6 Nxc6 24.
Rhb1 Na5 25. Rb5 Rd5 26. Qb4 (26. Qa4 Rxe5+ 27. Nxe5 Qxe5+ 28. Kf1 Qf6+ 29. Kg1
Qe5 $11) 26... Rxe5+ 27. Kf2 Nc6 28. Qxc3 Rd5 29. Rxb7 Qxb7 30. Rxb7 Kxb7 31.
Qf6 $18) 23. Rhb1 Bc6 $2 {This is a critical position of the game. So far
black played very strong and managed to get good counterchances, however with
his last move he permits white to launch the decisive attack. It was necessary
to look for counterplay with} (23... f5 $8 24. exf6 Nxf6 25. Bxd7+ (25. Qe5
Bxb5+ 26. Rxb5 Rd2+ 27. Ke1 Qxe5+ 28. Nxe5 Rg7 $13) 25... Rxd7 26. Qe5 Rd2+ $1
27. Ke1 (27. Kf1 $2 Rf2+ $1 $19 {[%cal Gf6g4]}) 27... Qxe5+ 28. Nxe5 Rd4 $1 29.
Rb4 (29. Nc6 Re4+ 30. Kf1 Rf8 31. Ne7+ Kd8 32. Ng6 Rf7 33. Rxb7 Nd7+ 34. Kg2
Re2+ $11) 29... Rgd8 $132 {[%cal Gd8d5] and black should hold this endgame.})
24. Bxc6 Qxc6 25. Nd4 $16 Qa6+ (25... Qxc5 $2 26. Rxb7 Nf4+ 27. Kf3 Rxd4 28.
Rb8+ Kc7 29. R1b7#) 26. Ke1 Rd7 27. c6 $1 {Opening up a b-file.} Rc7 (27...
bxc6 28. Qd3 $1 $18 {[%csl Rc8]} Qxd3 29. Rb8+ Kc7 30. R1b7#) 28. Rxb7 Rxb7 29.
Rxb7 Nb6 30. Qh7 $1 $18 Rf8 31. Qg7 Qa3 32. Qxf8+ $1 (32. Qxf8+ Qxf8 33. Nb5 {
[%cal Gb5d6,Gc6c7]} Qc5 34. Nd6+ Kd8 35. c7+ Qxc7 36. Rxc7 Kxc7 37. h6 $18) 1-0

[Event "EU-ch 4th"]
[Site "Istanbul"]
[Date "2003.06.03"]
[Round "5"]
[White "Goloshchapov, Alexander"]
[Black "Volkov, Sergey"]
[Result "1-0"]
[WhiteElo "2558"]
[BlackElo "2634"]
[Annotator "Finkel,A"]
[PlyCount "62"]
[EventDate "2003.05.30"]
[EventType "swiss"]
[EventRounds "13"]
[EventCountry "TUR"]
[SourceTitle "CBM 096"]
[Source "ChessBase"]
[SourceDate "2003.09.25"]
[SourceVersion "1"]
[SourceVersionDate "2003.09.25"]
[SourceQuality "1"]

1. e4 e6 2. d4 d5 3. Nc3 Nf6 4. Bg5 Bb4 5. e5 h6 6. Be3 Ne4 7. Qg4 Kf8 (7... g6
$5 8. a3 Bxc3+ 9. bxc3 c5 (9... Nxc3 $5 10. Bd3 Nc6 11. h4 Ne7 12. f3 c5 13.
dxc5 Nc6 14. Bd2 d4 $15 {Hernandez,G-Glek,I/Linares op 1996 (50)}) 10. Bd3 cxd4
$6 (10... Nxc3 11. dxc5 Nc6 12. Nf3 Qa5 13. O-O Qa4 14. Qxa4 Nxa4 15. Bb5 Nc3
16. a4 Bd7 $11 {Hracek,Z-Vaisser,A/EuT-ch, Pula CRO 1997 (41)}) 11. cxd4 Qa5+
12. Ke2 Bd7 13. f3 Nc3+ 14. Kf2 Nc6 15. Qf4 $14 {Coleman,D-Lautier,J/London
Lloyds 1988 (35)}) 8. a3 Bxc3+ 9. bxc3 c5 10. Bd3 Nxc3 (10... Qa5 $5 11. Ne2
Nc6 12. Bxe4 cxd4 13. Bd2 dxe4 14. cxd4 Qd5 15. O-O b6 $5 (15... Nxd4 $6 16.
Nxd4 Qxd4 17. Rad1 Qxe5 18. Bc3 Qxc3 19. Rd8+ Ke7 20. Rxh8 Qe5 21. Qh4+ f6 22.
Rd1 $16 {Kurajica,B-Bednarski,J/Wijk aan Zee II 1973 (29)}) 16. Rfd1 Kg8 17. c4
Qxc4 18. Rac1 Qb3 19. Ng3 Ne7 20. Nxe4 $36 {Hernandez,G-Hergott,D/Linares NL
1992 (47)}) (10... h5 $5 11. Qf3 $6 (11. Qf4) 11... Nxc3 12. Nh3 Nc6 13. Nf4
Kg8 $15 {Van Mil,J-Murey,Y/Arnhem/Amsterdam 1983 (16)}) 11. dxc5 Nc6 (11... Qa5
$5 12. Bd2 Nc6 13. Ne2 Qa4 14. Qh5 Nxe2 15. Qxe2 Qd4 $1 16. O-O Qxe5 17. Qf3
$44 {Maxion,D-Busse,K/Dortmund op 1990 (36)}) 12. Nf3 f5 (12... Qa5 $6 13. O-O
Na4 $6 14. Bd2 $16 {Mokry,K-Chinchilla,E/Dubai olm 1986 (18)}) 13. Qh5 $1 {
Before this game white was automatically taking on f6, however Goloshchapov
succeded to come up with fresh ideas in this well known position, which
braught him very convincing defeat over very strong opponent.} (13. exf6 Qxf6
14. Qh5 e5 15. Bg6 Be6 $5 (15... Bd7 $6 16. O-O Kg8 17. Rfe1 Rf8 18. Bd2 Ne4
19. Rad1 $36 {Klovan,Y-Sherieshevsky,M/USSR 1977 (41)}) 16. O-O Bf7 17. Nh4 Re8
18. Rae1 Kg8 $13 {Lanka,Z-Morozevich,A/Kishinev 1998}) 13... d4 (13... Bd7 14.
g4 Qe7 15. Rg1 $36 {[%csl Rf8]}) 14. Bd2 Qd5 15. Bxc3 dxc3 16. Rd1 $1 Qxc5 (
16... Nxe5 17. Be2 Nxf3+ 18. gxf3 Qxc5 19. Rd8+ $18) 17. O-O {All white pieces
take comfortable positions, meanwhile black is forced to look for creative
solutions to complete development of the pieces.} Kg8 (17... Nxe5 18. Nxe5 Qxe5
19. Bxf5 Bd7 20. Rxd7 Qxf5 21. Qh4 Qf6 22. Qe4 $16) 18. Bxf5 $1 {Fantastic
tactical blow. Black pieces ae so badly placed that white can afford to
himself to sacrifice a piece without creating immediate threats.} exf5 19. Rd6
$1 {Hammering the last nail in the coffin! White's idea is just to doule the
rooks over the d-file.} Be6 {Unfortunately for black he has no choice, but to
give back the piece right away. An only choice he had was which one to give
up?!} (19... b5 20. Qe8+ Kh7 21. Qg6+ Kg8 22. Rfd1 Bb7 23. Rd7 $18) 20. Rxe6
$18 Qf8 (20... Rf8 21. Re1 Qxa3 22. Nh4 Ne7 23. Qd1 $16) 21. Qh3 Rd8 22. Re1 h5
$2 {[%csl Rg5]} (22... Qf7 23. Rd6 Re8) 23. Ng5 Nd4 24. Rd6 Qe7 25. Qxc3 Qxg5
26. Qxd4 Kh7 27. h4 Qe7 28. Rd1 Rde8 29. e6 Rhg8 30. g3 b6 31. Qe5 Qf6 1-0

[Event "EU-ch 4th"]
[Site "Istanbul"]
[Date "2003.05.31"]
[Round "2"]
[White "Najer, Evgeniy"]
[Black "Glek, Igor Vladimirovich"]
[Result "1/2-1/2"]
[WhiteElo "2606"]
[BlackElo "2551"]
[Annotator "Finkel,A"]
[PlyCount "66"]
[EventDate "2003.05.30"]
[EventType "swiss"]
[EventRounds "13"]
[EventCountry "TUR"]
[SourceTitle "CBM 096"]
[Source "ChessBase"]
[SourceDate "2003.09.25"]
[SourceVersion "1"]
[SourceVersionDate "2003.09.25"]
[SourceQuality "1"]

1. e4 e6 2. d4 d5 3. Nc3 Nf6 4. Bg5 Bb4 5. e5 h6 6. Bc1 Ne4 7. Qg4 g6 8. Nge2
Nxc3 $5 {This move appears to be a novelty. However I'm not sure this game
will cause fans of this tricky line to switch to 8...N:c3 instead of the
theoretical 8...c5} (8... c5) 9. bxc3 ({White can also try} 9. Nxc3 $5 c5 10.
a3 Qa5 (10... Ba5 11. dxc5 d4 12. b4 dxc3 13. bxa5 Qxa5 14. Be3 $14) 11. Bd2
cxd4 12. Qxd4 Nc6 13. Bb5 (13. Qf4 d4 14. Nb5 Bxd2+ 15. Qxd2 Qxd2+ 16. Kxd2 Ke7
17. f4 $14) 13... Be7 $13 14. Nxd5 $140 $2 Qd8 $17) 9... Be7 10. Nf4 c5 11.
Bb5+ Nc6 (11... Bd7 $2 12. Nxe6 fxe6 13. Qxg6+ Kf8 14. Bxh6+ Rxh6 15. Qxh6+ $18
) 12. a4 cxd4 13. cxd4 Bd7 $6 {Permitting white to castle. More in the spirit
of the position was} (13... Bb4+ 14. Bd2 Bxd2+ 15. Kxd2 Bd7 16. Bxc6 Bxc6 17.
Nd3 Qa5+ 18. c3 Rc8 19. Rhc1 $13 {with very complicated position with mutual
chances.}) 14. O-O Qc7 15. Ba3 O-O-O (15... Bxa3 16. Rxa3 Nxd4 17. Nxd5 Qxe5
18. Bxd7+ Kxd7 19. Rd3 $40 {[%cal Gd3d7]}) 16. Bxe7 Nxe7 17. Nd3 $14 {White's
chances are clearly better due to serious pressure on the queenside.} Nc6 18.
Qf4 (18. c3 Na5 (18... b6 19. Bxc6 Bxc6 20. a5 Bb5 21. axb6 axb6 22. Qf3 Kb7
23. Rfb1 $14) 19. Nc5 Bxb5 20. axb5 b6 21. Rxa5 bxa5 22. Qe2 Qb6 23. Ra1 $36)
18... g5 19. Qe3 b6 20. Rfb1 ({The most logical continuation seemed} 20. Bxc6
$5 Bxc6 21. a5 $36 {with good chances to get to black king.}) 20... Na5 21. Qe1
$6 {Queen was better placed on e3 to disturb black king on it's way to the
kingside.} (21. Nb4 Bxb5 22. axb5 Kd7 23. Qf3 $16) 21... Bxb5 22. axb5 Kd7 23.
Ra3 (23. Nb4 Rc8 24. Ra3 Ke8 25. Rf3 Qc4 $13) 23... Rc8 24. h3 Ke8 25. Kh2 $6 {
Another inaccuracy after which white's advantage is history!} (25. f4 Qc4 26.
Qe3 Rg8 27. f5 exf5 28. c3 $44) 25... f5 26. Rba1 Kf7 27. Nc5 (27. Rxa5 bxa5
28. Nc5 Qb6 29. Rxa5 Rxc5 30. dxc5 Qxc5 31. Qa1 Ra8 32. Kg1 $13) 27... Qe7 28.
Rxa5 bxa5 29. Rxa5 (29. Qxa5 Ra8) 29... Rxc5 30. dxc5 Qxc5 31. Qa1 Ra8 32. Ra6
f4 33. Rc6 Qxb5 1/2-1/2

[Event "Bundesliga 0203"]
[Site "Germany"]
[Date "2003.03.09"]
[Round "12.7"]
[White "Van den Doel, Erik"]
[Black "Stellwagen, Daniel"]
[Result "1-0"]
[WhiteElo "2594"]
[BlackElo "2426"]
[Annotator "Finkel,A"]
[PlyCount "69"]
[EventDate "2002.10.19"]
[EventType "team-tourn"]
[EventRounds "15"]
[EventCountry "GER"]
[SourceTitle "CBM 094"]
[Source "ChessBase"]
[SourceDate "2003.05.26"]
[SourceVersion "1"]
[SourceVersionDate "2003.05.26"]
[SourceQuality "1"]
[WhiteTeam "Porz"]
[BlackTeam "Solingen"]
[WhiteTeamCountry "GER"]
[BlackTeamCountry "GER"]

1. e4 e6 2. d4 d5 3. Nc3 Nf6 4. Bg5 Bb4 5. e5 h6 6. Bd2 Bxc3 7. bxc3 Ne4 8. Qg4
g6 9. Bc1 $5 {Sharp continuation demanding from black very accurate play.} c5
10. Ne2 $5 (10. Bd3 cxd4 (10... Nxc3 11. dxc5 Qa5 12. Bd2 Qa4 13. Qf3 $5 (13.
h3 $5 Ne4 (13... Qxg4 $6 14. hxg4 Ne4 15. Bxe4 dxe4 16. Ne2 Nd7 17. Ng3 Nxc5
18. g5 h5 19. Bb4 Na6 20. Bd6 $14 {Gligoric,S-Pachman,L/Amsterdam izt 1964 (42)
}) 14. Ne2 Nxc5 15. Qf3 Qh4 16. O-O Nc6 17. g3 Qe7 18. Qe3 Bd7 19. Rab1 $44 {
Tal,M-Vooremaa,A/Tallinn 1981 (28)}) 13... Ne4 14. Bxe4 Qxe4+ 15. Qxe4 dxe4 16.
Ne2 Bd7 17. Rb1 Bc6 18. Nd4 $14 {Michel,P-Letelier Martner,R/Mar del Plata
1949 (36)}) 11. Ne2 dxc3 $6 (11... Qa5 12. O-O dxc3 13. Bxe4 (13. h4 $5 Nc6 14.
h5 Nxe5 15. Qf4 Nxd3 16. cxd3 g5 17. Qf3 Nd6 18. Qf6 Rh7 19. Nxc3 $44 {Toran
Albero,R-Linskens,R/San Rafael 1951 (34)}) 13... dxe4 14. Ng3 Nc6 15. Nxe4 Nxe5
16. Qg3 $16 {Boleslavsky,I-Lisitsin,G/URS-ch13 1944 (32)}) 12. Bxe4 (12. O-O h5
13. Qh3 Nc5 14. Nxc3 Nxd3 15. cxd3 Bd7 16. Rb1 Bc6 17. Ba3 $36 {Sulik,
F-Stahlberg,G/Mar del Plata 1941 (66)}) 12... dxe4 13. Nxc3 Qd4 $6 (13... Nc6
$5) 14. Bb2 Bd7 15. Rb1 Bc6 16. O-O Qc4 17. Qg3 $1 $40 {[%cal Gb2a3,Gb1b4] De
Vreugt,D-Glek,I/Wijk aan Zee 1999/CBM 69}) 10... cxd4 (10... Qa5 11. f3 Nxc3
12. Bd2 cxd4 13. Nxd4 Qc7 14. Qf4 a6 15. a4 Bd7 16. Bd3 $44 {Bolbochan,
J-Rossetto,H/Mar del Plata 1942}) 11. cxd4 (11. f3 $6 h5 $1 12. Qh3 Nxc3 13.
Nxd4 Nc6 14. Nxc6 bxc6 15. Bd2 Qb6 $1 16. Qh4 d4 $17 {0-1 Penrose,J-O'Kelly de
Galway,A/Hastings 1950 (54)}) 11... Qc7 $2 {Serious mistake after which black
faces serious difficulties. It was necessary to play} (11... Qa5+ $1 {with
unclear position} 12. c3 Nc6 13. Qf3 (13. f3 $6 Nxd4 14. fxe4 Nc2+ 15. Kf2 Nxa1
16. Qf3 Qxa2 $17 {Gempe,T-Offinger,R/Germany 1999}) (13. Be3 $2 Nb4 $1 14. cxb4
Qxb4+ 15. Kd1 Bd7 16. Ng3 Qb2 17. Rc1 Nxf2+ {0-1 Baumbach,F-Rittner,H/DDR corr
1949}) 13... Nb4 (13... b5 $5) 14. cxb4 Qxb4+ 15. Nc3 (15. Kd1 $2 Bd7 {[%cal
Gd7a4]} 16. a4 Bxa4+ 17. Rxa4 Qxa4+ 18. Ke1 Qb4+ 19. Kd1 a5 $17) 15... Qxc3+ (
15... Nxc3 $2 16. Bd2 $18 {[%cal Gd2b4]}) 16. Qxc3 Nxc3 17. Bd2 $1 Na4 18. Rc1
Kd8 $5 $13 (18... Bd7 $6 19. Rc7 Bc6 20. Bb4 $36 {[%csl Re8]})) 12. f3 Nc3 13.
Bd2 Nxe2 (13... Na4 14. h4 h5 15. Qg5 Nc6 16. Qf6 Rg8 17. g4 $36) 14. Bxe2 Nc6
15. Rb1 $16 {Black king won't feel safe neither on the queenside nor in the
center.} Bd7 (15... b6 16. O-O Bb7 17. Rb3 $1 (17. Bc1 $5 {[%cal Gc1a3,Ga3d6]}
O-O-O 18. c3 Na5 19. Ba3 $14) 17... O-O-O 18. Rfb1 $16 {[%cal Ga2a5]}) 16. O-O
O-O-O 17. Qf4 $1 {[%csl Rf7] Forcing black to determine his plans.} f6 (17...
Rdf8 $5) 18. exf6 (18. Qxf6 $6 Nxd4 19. Bd3 Rdf8 20. Qe7 Nc6 21. Qc5 b6 22.
Ba6+ Kb8 23. f4 g5 $132) 18... Qxf4 19. Bxf4 Nxd4 20. Ba6 $1 {It's important
to start with this move in order to prevent from black knight to come to c6.} (
20. Bd3 Rdf8 21. Be5 Nc6 $14) 20... Bc6 (20... bxa6 $4 21. Rb8#) 21. Bd3 Be8 (
21... g5 22. Be5 Nf5 23. Rfe1 $16) 22. Rfe1 Bf7 23. c4 $1 e5 $2 {This move is
identical to suicide, but black is in serious troubles no matter what he plays.
} (23... Nc6) 24. Rxe5 Nc6 (24... dxc4 25. Re7 $1 Rd7 (25... cxd3 26. Rc7+ Kb8
27. Rbxb7+ Ka8 28. Rxa7+ Kb8 29. Rcb7+ Kc8 30. Rb8#) 26. Rxd7 Kxd7 27. Rxb7+
$18) 25. Rxd5 $1 Bxd5 26. cxd5 Rxd5 27. Bxg6 $18 Rf8 (27... Nd4 28. Re1 $1 {
[%csl Ge6]} Nxf3+ 29. gxf3 Rg8 30. f7 Rxg6+ 31. Bg3 Rf6 32. Re8+ $18) 28. Be4
Rxf6 (28... Rd4 29. Bf5+ Kd8 30. Bxh6 Rxf6 31. Bg5 $18) 29. Bxd5 Rxf4 30. Be4
Kc7 31. g4 Rf7 32. Kf2 Kd6 33. h4 Ne5 34. Kg3 b6 35. Rd1+ 1-0